Une lettre, Une Chanson - Michael Jackson - Statistiques

Statistiques générales
  • Ce quiz a été pris 1 749 fois
  • Le résultat moyen est 12 sur 21
Statistiques - réponses
Lettre Réponse % Correct
B Baby Be Mine | Bad | Beat It | Behind the Mask | Best of Joy | Billie Jean | Black or White | Blood on the Dance Floor | Blue Gangsta | Break of Dawn | Burn This Disco Out | Butterflies
99%
T Tabloid Junkie | The Girl Is Mine | The Lady in My Life | The Lost Children | The Way You Make Me Feel | They Don't Care About Us | This Time Around | Threatened | Thriller
88%
D D.S. | Dangerous | Dirty Diana | Do You Know Where Your Children Are | Don't Stop 'Til You Get Enough | Don't Walk Away
84%
S Scream | She Drives Me Wild | She's Out of My Life | Slave to the Rhythm | Smile | Smooth Criminal | Speachless | Speed Demon | Stranger in Moscow | Superfly Sister
76%
H Heal the World | Heartbreaker | Heaven Can Wait | HIStory | Hold My Hand | Hollywood Tonight | Human Nature
75%
L Leave Me Alone | Liberian Girl | Little Susie | Love Never Felt So Good | Loving You
66%
R Remember the Time | Rock with You
66%
E Earth Song
64%
Y You Are My Life | You Are Not Alone | You Rock My World
61%
J Jam | Just Good Friends
60%
C Can't Let Her Get Away | Chicago | Childhood | Come Together | Cry
58%
M Man in the Mirror | Money | Morphine | Much Too Soon
55%
I I Can't Help It | I Just Can't Stop Loving You | In the Closet | Invincible | Is It Scary | It's the Falling in Love
54%
W Wanna Be Startin' Somethin' | Whatever Happens | Who Is It | Why You Wanna Trip On Me | Will You Be There | Workin' Day and Night
53%
A A Place with No Name | Another Part of Me
47%
G Get on the Floor | Ghosts | Girlfriend | Give In to Me | Gone Too Soon
47%
O Off the Wall
38%
X Xscape
35%
U Unbreakable
24%
P P.Y.T. (Pretty Young Thing) | Privacy
21%
K Keep the Faith
20%
Aucun quiz correspondant
Distribution des résultats
% des personnes avec chaque résultat
Percentile par nombre de réponses
Votre historique - résultats
Vous n’avez pas pris ce quiz